[Event "Wessex v Numerica 3Cs"]
[Site "?"]
[Date "2002.06.02"]
[Round "3"]
[White "English, Ray"]
[Black "Pye, David E"]
[Result "0-1"]
[WhiteElo "1992"]
[BlackElo "2096"]
[PlyCount "78"]
[EventDate "2002.??.??"]

1. e4 e6 2. d4 d5 3. e5 c5 4. c3 Nc6 5. Nf3 Qb6 6. a3 a5 7. Bd3 Bd7 8. Bc2 Be7
9. b3 Nh6 10. O-O cxd4 11. cxd4 Nf5 12. Bb2 Rc8 13. Kh1 g5 14. Bxf5 exf5 15.
Nc3 Be6 16. Na4 Qd8 17. Nc5 b6 18. Nxe6 fxe6 19. Qd3 O-O 20. Rac1 Qd7 21. Rc2
Na7 22. Rfc1 Rxc2 23. Rxc2 Rc8 24. Rxc8+ Qxc8 25. Nxg5 Bxg5 26. Qg3 h6 27. h4
Qc2 28. hxg5 Qd1+ 29. Kh2 Qh5+ 30. Kg1 hxg5 31. Qd3 Qf7 32. Bc1 f4 33. f3 Nc6
34. Kf2 Qh7 35. Qxh7+ Kxh7 36. Bb2 Kg6 37. g4 fxg3+ 38. Kxg3 Kf5 39. Bc3 b5 0-1

[Event "Wessex v Numerica 3Cs"]
[Site "?"]
[Date "2002.06.02"]
[Round "3"]
[White "Rutter, Nicholas"]
[Black "Taylor, Robrt M"]
[Result "0-1"]
[WhiteElo "2133"]
[BlackElo "2153"]
[PlyCount "62"]
[EventDate "2002.??.??"]

1. e4 c6 2. d4 d5 3. exd5 cxd5 4. Bd3 Nc6 5. c3 Nf6 6. Nf3 g6 7. O-O Bf5 8.
Bxf5 gxf5 9. Re1 e6 10. Nbd2 Bd6 11. Ne5 Qc7 12. Ndf3 Ne4 13. Nxc6 bxc6 14. h3
Rg8 15. Qe2 Kd7 16. Ne5+ Bxe5 17. dxe5 Rg6 18. f3 Ng3 19. Qf2 Rag8 20. c4 f4
21. Kh2 Nh5 22. Rg1 Qxe5 23. Qxa7+ Ke8 24. Qf2 Ng3 25. Bd2 Qe2 26. Qxe2 Nxe2
27. a4 Nxg1 28. Rxg1 e5 29. c5 Kd7 30. Ba5 f5 31. b4 e4 0-1

[Event "Poisoned Pawns v Slough"]
[Site "?"]
[Date "2003.??.??"]
[Round "3"]
[White "Houska, Karla"]
[Black "Smith, Robyn"]
[Result "0-1"]
[WhiteElo "1072"]
[BlackElo "1304"]
[PlyCount "102"]
[EventDate "2003.??.??"]

1. e4 e5 2. Nf3 Nc6 3. d4 exd4 4. c3 dxc3 5. Bc4 Bc5 6. Nxc3 d6 7. Ng5 Ne5 8.
Bb3 h6 9. Nf3 Bg4 10. Rg1 Bxf3 11. gxf3 Qh4 12. Rf1 Qxh2 13. Qe2 O-O-O 14. Be3
Qg2 15. O-O-O Qxf3 16. Qxf3 Nxf3 17. Bxc5 dxc5 18. Rxd8+ Kxd8 19. Bxf7 Nf6 20.
Bb3 Re8 21. Bd1 Ne5 22. f4 Nd3+ 23. Kc2 Nb4+ 24. Kc1 Nxe4 25. a3 Nxc3 26. bxc3
Nd5 27. c4 Ne3 28. Rg1 Nxd1 29. Kxd1 Re7 30. f5 Ke8 31. Kc2 Kf7 32. Rh1 Re5 33.
Rd1 Ke7 34. Rg1 Kf6 35. Rd1 Re7 36. Rf1 h5 37. Rg1 Kxf5 38. a4 g5 39. Kd3 h4
40. Rg2 h3 41. Rh2 g4 42. Rf2+ Kg5 43. Kd2 g3 44. Rf1 g2 45. Rg1 Kg4 46. Rb1 h2
47. Rxb7 h1=Q 48. Rb8 Qe1+ 49. Kc2 Re2+ 50. Kb3 Qb1+ 51. Kc3 Qc2# 0-1